Pater N's A bis Z Katholisch - Statistiken

Allgemein
  • Dieses Quiz wurde 175 mal gespielt
  • Das Durchschnittsergebnis liegt bei 21 aus 26
Antwortstatistiken
Was wird gesucht? Antwort % Korrekt
F: Name des aktuellen Papstes Franziskus
99%
O: am häufigsten verwendetes Musikinstrument in der Kirche Orgel
98%
A: Opfertisch in der Kirche Altar
97%
N: Bezeichnung für eine Ordensfrau Nonne
97%
W: das wird in der Messe zum Blut Christi gewandelt Wein
97%
V: Kirchenstaat; kleinster Staat der Welt Vatikan
95%
K: Ort, wo Ordensleute wohnen Kloster
93%
S: lateinisch für "heilig"; häufig vor Ortsnamen sanctus
92%
R: Stadt, wo Petrus und Paulus begraben sind Rom
91%
P: Pontifex Maximus; Heiiger Vater; Vikar Christi; Nachfolger Petri Papst
89%
D: Gott Vater + Gott Sohn + Gott Heiliger Geist Dreifaltigkeit
88%
I: Land, in dem Mutter Teresa gewirkt hat Indien
88%
U: Der Papst spendet zu Ostern den Segen ..... et orbi urbi
87%
H: Leib Christi, den man bei der Kommunion empfängt Hostie
86%
B: höchste Weihestufe Bischof
85%
G: Sie verkündet die Wandlung, ruft zur Messe, sagt die Zeit Glocke
85%
J: größter Männerorden; benannt nach dem Gründer des Christentums Jesuiten
85%
Z: Fachausdrück für die Ehelosigkeit um des Himmelreiches willen Zölibat
83%
E: Leiter einer Erzdiözese Erzbischof
80%
M: Helfer des Priesters bei der Messe Ministrant
73%
L: Ort in Frankreich, wo Maria der Bernadette erschienen ist Lourdes
70%
T: Kästchen, wo der Leib Christi aufbewahrt wird Tabernakel
67%
C: berühmter Filmpriester: Don ... Camillo
62%
Y: alter Ort in England; einst Bischofssitz York
61%
X: zweiter Name des heiligen Franz, der in China missionierte Xaver
59%
Q: Fachausdruck für die Fastenzeit Quadragesima
9%
Keine übereinstimmenden Quizze gefunden
Verteilung der Resultate
Anzahl Personen mit jedem Resultat
Perzentil nach korrekt beantworteten Fragen
Ihre Resultats-Entwicklung
Sie haben dieses Quiz noch nicht gespielt